| 000 | 01143cam a2200325 a 4500 | ||
|---|---|---|---|
| 001 | 3229 | ||
| 003 | BD-RjUL | ||
| 005 | 20211208233710.0 | ||
| 008 | 131218t1987 cou b 001 0 eng | ||
| 020 | _a0813303397 (alk. paper) : | ||
| 035 | _a(BD-RjUL)3263 | ||
| 040 |
_aDLC _cDLC _dDLC _dBD-RjUL _beng |
||
| 041 | _aeng | ||
| 082 | 0 | 0 |
_a338.272820972 _219 _bPET 1987 |
| 245 | 0 | 0 |
_aPetroleum and Mexico's future / _cedited by Pamela S. Falk. |
| 260 |
_aBoulder : _bWestview Press, _cc1987. |
||
| 300 |
_axiv, 124 p. ; _c24 cm. |
||
| 500 | _a"Published in cooperation with the Americas Society, Inc."--P. facing t.p. | ||
| 504 | _aBibliographical reference and index. | ||
| 650 | 0 |
_aPetroleum industry and trade _zMexico. _910206 |
|
| 650 | 0 |
_aDebts, External _zMexico. _910207 |
|
| 650 | 0 |
_aLabor supply _zMexico. _910208 |
|
| 651 | 0 |
_aMexico _xEconomic conditions _y1982- _910209 |
|
| 651 | 0 |
_aMexico _xEconomic conditions _y1970-1982. _910210 |
|
| 700 | 1 |
_aFalk, Pamela S. _910211 |
|
| 942 |
_2ddc _cBK |
||
| 999 |
_c3229 _d3229 |
||